Colección legislativa de presidios y casas de corrección de mujeres (Record no. 180566)
[ view plain ]
| 000 -LEADER | |
|---|---|
| campo de control de longitud fija | 01057nam a2200205 i 4500 |
| 001 - NÚMERO DE CONTROL | |
| campo de control | 180566 |
| 003 - IDENTIFICADOR DE NÚMERO DE CONTROL | |
| campo de control | ES-MaACL |
| 005 - FECHA Y HORA DE LA ÚLTIMA TRANSACCIÓN | |
| campo de control | 20250807205142.0 |
| 008 - DATOS DE LONGITUD FIJA--INFORMACIÓN GENERAL | |
| campo de control de longitud fija | 120614s1861 sp l |||| | spa d |
| 245 00 - MENCIÓN DEL TÍTULO | |
| Título | Colección legislativa de presidios y casas de corrección de mujeres |
| Resto del título | : comprensiva de la ordenanza general de presidios de 14 de abril de 1834, y de todas las disposiciones legales y reglamentarias referentes al ramo expedidas posteriormente hasta 1º de noviembre de 1861 / |
| Mención de responsabilidad, etc. | formada de orden de la Dirección General de Establecimientos Penales. |
| 260 ## - PUBLICACIÓN, DISTRIBUCIÓN, ETC. | |
| Lugar de publicación, distribución, etc. | Madrid : |
| Nombre del editor, distribuidor, etc. | [s.n.], |
| Fecha de publicación, distribución, etc. | 1861 ( |
| Fabricante | Imp. Nacional) |
| 300 ## - DESCRIPCIÓN FÍSICA | |
| Extensión | 2 v. ; |
| Dimensiones | 23 cm. |
| 650 #7 - PUNTO DE ACCESO ADICIONAL DE MATERIA--TÉRMINO DE MATERIA | |
| Término de materia o nombre geográfico como elemento de entrada | Establecimientos penitenciarios de mujeres |
| Fuente del encabezamiento o término | embne |
| 9 (RLIN) | 166995 |
| 650 ## - PUNTO DE ACCESO ADICIONAL DE MATERIA--TÉRMINO DE MATERIA | |
| Término de materia o nombre geográfico como elemento de entrada | Derecho penitenciario- |
| Subdivisión geográfica | España. |
| 9 (RLIN) | 176229 |
| 650 ## - PUNTO DE ACCESO ADICIONAL DE MATERIA--TÉRMINO DE MATERIA | |
| Término de materia o nombre geográfico como elemento de entrada | Derecho penitenciario- |
| Subdivisión geográfica | España. |
| 9 (RLIN) | 176229 |
| 710 1# - ENTRADA AGREGADA--NOMBRE DE ENTIDAD CORPORATIVA | |
| Nombre de entidad corporativa o nombre de jurisdicción como elemento de entrada | España. |
| Título de la obra | Leyes, etc. penitenciarias. |
| 9 (RLIN) | 3836 |
| 710 1# - ENTRADA AGREGADA--NOMBRE DE ENTIDAD CORPORATIVA | |
| Nombre de entidad corporativa o nombre de jurisdicción como elemento de entrada | España. |
| Unidad subordinada | Dirección General de Establecimientos Penales. |
| 9 (RLIN) | 165776 |
| 852 ## - LOCALIZACIÓN | |
| Ubicación | ES-MaACL |
| Número de control de estantería | D-180-81 |
| Nota libre | .- Donativo Lastres |
| Estatus retirado | Estado de pérdida | Estado de daño | No para préstamo | Colección | Biblioteca de origen | Biblioteca actual | Ubicación en estantería | Fecha de adquisición | Fuente de adquisición | Total de préstamos | Signatura topográfica completa | Código de barras | Visto por última vez | Precio de reemplazo | Tipo de ítem Koha |
|---|---|---|---|---|---|---|---|---|---|---|---|---|---|---|---|
| Libros del s. XIX | Biblioteca del Ateneo de Madrid | Biblioteca del Ateneo de Madrid | Sala Valle Inclán | 14/06/2012 | D-180-81 | 901189736 | 23/02/2023 | 23/02/2023 | Libro impreso antiguo |
